Caracterización general de las políticas económicas en Nicaragua en el período de 1980 a 1987 /

Presenta una caracterización general de las políticas económicas en Nicaragua en el período de 1980 a 1987. En el área de la producción se señalan los principales objetivos, al igual que en relación a las inversiones, al sector externo y al comercio interno. En el campo del sector fiscal-financiero,...

全面介绍

Guardado en:
书目详细资料
主要作者: Avendaño C., Néstor
格式: 未知
出版: Managua: Centro de Investigación y Estudios de la Reforma Agraria
主题:
标签: 添加标签
没有标签, 成为第一个标记此记录!

MARC

LEADER 00000 a2200000 04500
001 580
003
008 991231s d
040
020 |a [sin ISBN]  
022 |a [sin ISBN]  
090 |a 103102  
100 |a Avendaño C., Néstor  
245 |a Caracterización general de las políticas económicas en Nicaragua en el período de 1980 a 1987 /   |c Néstor Avendaño C. 
260 |a Managua:   |b Centro de Investigación y Estudios de la Reforma Agraria  
300 |a 319 p  
520 |a Presenta una caracterización general de las políticas económicas en Nicaragua en el período de 1980 a 1987. En el área de la producción se señalan los principales objetivos, al igual que en relación a las inversiones, al sector externo y al comercio interno. En el campo del sector fiscal-financiero, se enumeran las medidas adoptadas para el período en estudio incluye además la política de precios, la cual se caracteriza por establecer la defensa del salario real por medio de políticas de redistribución del ingreso y, la política de empleo y salarios dirigida a la defensa del poder adquisitivo de los trabajadores. En lo referente a la economía de sobrevivencia, se insiste en que se trata de sostener en una sola dirección las demandas de la movilización militar y la seguridad, para enfrentar y derrotar la agresión y garantizarle al pueblo las necesidades indispensables. Finalmente se señalan algunas inconsistencias de la política de estabilización emprendida desde 1985, la cual ha estado ligada por la influencia de la guerra de agresión que la administración norteamericana financia y dirige. AR/MR  
650 |a POLITICA ECONOMICA  
650 |a POLITICA DE AUSTERIDAD  
650 |a POLITICA DE INGRESOS  
650 |a POLITICA DE PRECIOS  
999 |c 13305  |d 13305